000 00349nam a22001577a 4500
020 _a978-93-89573-22-0
041 _aENG
100 _aRao.G.S
245 _aEthics,Integrity and Aptitude
250 _a5 th
260 _aNew Delhi
_bG.K Pub
_c2018
300 _a27.91
650 _aUPSC
700 _aChowdhury.P.N
856 _uCompetitive Exam
999 _c228
_d228